Ânions - Statistics

Estatísticas Gerais
  • Esse quiz foi jogado 5 vezes
  • A pontuação média é 20 de 27
Estatísticas das Respostas
Fórmula Nome % Correto
Br - Brometo
100%
CN - Cianeto
100%
Cl - Cloreto
100%
F - Fluoreto
100%
I - Iodeto
100%
NO3 - Nitrato
100%
NO2 - Nitrito
100%
H3C-OO - Acetato
80%
BO3 3- Borato
80%
CO3 2- Carbonato
80%
ClO3 - Clorato
80%
ClO2 - Clorito
80%
CrO4 2- Cromato
80%
PO4 3- Fosfato
80%
ClO - Hipoclorito
80%
ClO4 - Perclorato
80%
MnO4 - Permanganato
80%
SiO4 4- Silicato
80%
SO4 2- Sulfato
80%
S 2- Sulfeto
80%
SO3 2- Sulfito
80%
Cr2O7 2- Dicromato
60%
Fe(CN)6 4- Ferrocianeto
40%
C2O4 2- Oxalato
40%
Fe(CN)6 3- Ferricianeto
20%
HCO3 - Hidrogenocarbonato-bicarbonato
0%
HSO4 - Hidrogenosulfato-bissulfato
0%
Nenhum quiz correspondente encontrado
Distribuição das Pontuações
Porcentagem de Pessoas com Cada Pontuação
Percentil de Números Respondidos
Sua Pontuação Histórica
Você não jogou esse quiz